Catálogo
 En Linea

Derecho Bancario Dominicano : (Registro nro. 61001)

Detalles MARC
000 -CABECERA
campo de control de longitud fija 01492nam a2200325 i 4500
003 - IDENTIFICADOR DEL NÚMERO DE CONTROL
campo de control DO-SdBNP
005 - FECHA Y HORA DE LA ÚLTIMA TRANSACCIÓN
campo de control 20260703105301.0
007 - CAMPO FIJO DE DESCRIPCIÓN FÍSICA--INFORMACIÓN GENERAL
campo de control de longitud fija ta
008 - DATOS DE LONGITUD FIJA--INFORMACIÓN GENERAL
campo de control de longitud fija 260703t2004 dr ||||gr|||||||| |bspa|d
020 ## - NÚMERO INTERNACIONAL ESTÁNDAR DEL LIBRO
Número Internacional Estándar del Libro 9993404446
040 ## - FUENTE DE LA CATALOGACIÓN
Centro catalogador/agencia de origen DO-SdINT
Lengua de catalogación spa
Normas de descripción rda
Centro/agencia transcriptor DO-SdINT
041 ## - CÓDIGO DE LENGUA
Código de lengua original spa
044 ## - CÓDIGO DEL PAÍS DE LA ENTIDAD EDITORA/PRODUCTORA
Código MARC del país dr
Código de subentidad local DO
082 ## - NÚMERO DE LA CLASIFICACIÓN DECIMAL DEWEY
Número de clasificación RD 346.082 C389d 2004
Número de edición 22
100 1# - ENTRADA PRINCIPAL--NOMBRE DE PERSONA
Nombre de persona Cedeño, Víctor Livio
9 (RLIN) 4954
Término indicativo de función/relación autor
Código de función/relación aut
245 0# - MENCIÓN DE TÍTULO
Título Derecho Bancario Dominicano :
Resto del título Puesto al Día a la Luz del Código Monetario y Financiero, y Enriquecido con las Jurisprudencias Francesa y Dominicana /
Mención de responsabilidad, etc. Víctor Livio Cedeño J. , editor: L. Almanzor González Canahuate.
250 ## - MENCIÓN DE EDICIÓN
Mención de edición Tercera edición.
264 ## - PRODUCCIÓN, PUBLICACIÓN, DISTRIBUCIÓN, FABRICACIÓN Y COPYRIGHT
Producción, publicación, distribución, fabricación y copyright Santo Domingo, República Dominicana :
Nombre del de productor, editor, distribuidor, fabricante Editora Centenario,
Fecha de producción, publicación, distribución, fabricación o copyright 2004.
300 ## - DESCRIPCIÓN FÍSICA
Extensión XV, 242, 1 sin numerar páginas ;
Dimensiones 23 cm.
336 ## - TIPO DE CONTENIDO
Término de tipo de contenido texto
Código de tipo de contenido txt
Fuente rdacontent
337 ## - TIPO DE MEDIO
Nombre/término del tipo de medio sin mediación
Código del tipo de medio n
Fuente rdamedia
338 ## - TIPO DE SOPORTE
Nombre/término del tipo de soporte volumen
Código del tipo de soporte nc
Fuente rdacarrier
490 ## - MENCIÓN DE SERIE
Mención de serie Tomo 1
500 ## - NOTA GENERAL
Nota general Incluye datos del autor en la contraportada de la obra.
505 ## - NOTA DE CONTENIDO CON FORMATO
Nota de contenido con formato Dedicatorias XV -- Presentación a tercera edición 1 -- Prólogo 3 -- Motivación 5 -- Plan 7 -- Introducción 9 -- Financiera 10 -- Primera Parte. La Reglamentación de las Profesionales Bancarias 19 -- Segunda Parte. Las Cuentas Bancarias 131
590 ## - NOTA LOCAL (RLIN)
Nota local Inventariado, 2026/WG.
650 #0 - PUNTO DE ACCESO ADICIONAL DE MATERIA--TÉRMINO DE MATERIA
Término de materia o nombre geográfico como elemento de entrada Derecho bancario
9 (RLIN) 7013
Subdivisión geográfica República Dominicana
700 ## - PUNTO DE ACCESO ADICIONAL--NOMBRE DE PERSONA
Nombre de persona González Canahuate, L. Almanzor,
9 (RLIN) 5213
Fechas asociadas al nombre 1935-.
Término indicativo de función/relación editor
942 ## - ELEMENTOS DE PUNTO DE ACCESO ADICIONAL (KOHA)
Fuente del sistema de clasificación o colocación Dewey Decimal Classification
Tipo de ítem Koha Libro
Existencias
Estado de retiro Estado de pérdida Fuente del sistema de clasificación o colocación Restricciones de uso No para préstamo Código de colección Localización permanente Ubicación/localización actual Ubicación en estantería Fecha de adquisición Total de préstamos Signatura topográfica completa Código de barras Fecha visto por última vez Precio válido a partir de Tipo de ítem Koha Número de copia
    Dewey Decimal Classification Excluido de préstamo   Patrimonio Dominicano Biblioteca Nacional Pedro Henríquez Ureña Biblioteca Nacional Pedro Henríquez Ureña En catalogación 03.07.2026   RD 346.082 C389d 2004 2026-5775 03.07.2026 03.07.2026 Libro  
    Dewey Decimal Classification Excluido de préstamo   Patrimonio Dominicano Biblioteca Nacional Pedro Henríquez Ureña Biblioteca Nacional Pedro Henríquez Ureña En catalogación 03.07.2026   RD 346.082 C389d 2004 2026-5776 03.07.2026 03.07.2026 Libro e.2
    Dewey Decimal Classification Excluido de préstamo   Patrimonio Dominicano Biblioteca Nacional Pedro Henríquez Ureña Biblioteca Nacional Pedro Henríquez Ureña En catalogación 03.07.2026   RD 346.082 C389d 2004 2026-5777 03.07.2026 03.07.2026 Libro e.3
    Dewey Decimal Classification Excluido de préstamo   Patrimonio Dominicano Biblioteca Nacional Pedro Henríquez Ureña Biblioteca Nacional Pedro Henríquez Ureña En catalogación 03.07.2026   RD 346.082 C389d 2004 2026-5778 03.07.2026 03.07.2026 Libro e.4

Con tecnología Koha